000 00527nmm a2200193Ia 4500
008 251105s9999||||xx |||||||||||||||||und||
020 _a9788498953022
041 _aspa
100 _aZamora, Daisy
245 0 _aLa violenta espuma
264 _a[Madrid, España] :
_bVisor Libros,
_c2017
300 _a280 páginas
490 _aVisor de Poesía
650 _aLatin American poetry
700 _aZamora, Daisy
700 1 _a Ramírez, Sergio
856 _uhttps://public.digitaliapublishing.com/a/77241
942 _cCF
999 _c72744
_d72744